Power system engineering planning, design, and operation of power systems and equipment
Saved in:
| Main Author: | |
|---|---|
| Other Authors: | |
| Format: | Book |
| Language: | English |
| Published: |
Weinheim
Wiley-VCH
c2008
|
| Subjects: | |
| Tags: |
Add Tag
No Tags, Be the first to tag this record!
|
| Call Number : | TK1001 .S353 2008 |
MARC
| LEADER | 00000pam a2200000 a 4500 | ||
|---|---|---|---|
| 001 | 28689 | ||
| 003 | MY-KLNDU | ||
| 005 | 20241218082626.0 | ||
| 008 | t2008 gw d a 1 engdc | ||
| 020 | |a 9783527407590 | ||
| 020 | |a 3527407596 | ||
| 035 | |a 0000039724 | ||
| 039 | 9 | |a 201002181048 |b faizin |c 200911181301 |d VLOAD |y 200910091811 |z VLOAD | |
| 090 | |a TK1001 |b .S353 2008 | ||
| 100 | 1 | |a Schlabbach ,Jurgen | |
| 245 | 1 | 0 | |a Power system engineering |b planning, design, and operation of power systems and equipment |c Jurgen Schlabbach and Karl-Heinz Rofalski |
| 260 | |a Weinheim |b Wiley-VCH |c c2008 | ||
| 300 | |a xii, 337p. |b ill. |c 25cm | ||
| 504 | |a Includes bibliographical references and index | ||
| 591 | |a 0000010376 |b 11/06/09 |c 0200-07 |d 1 |e RM507.5 |f 1 |g 507.5 |h Harmoni Publications & Distributors Sdn. Bhd. | ||
| 650 | 0 | |a Electric power systems | |
| 650 | 0 | |a Electric power systems |x Design and construction | |
| 700 | 1 | |a Rofalski ,Karl-Heinz | |
| 999 | |a vtls000038284 |c 28689 |d 28689 | ||


